000 00290nam a2200121Ia 4500
008 190216s9999||||xx |||||||||||||| ||und||
100 _a"Dewett,Verma J D&Amp;Sharma M L"
245 0 _aIndian Economics
260 _bS Chand & Co
_c1986
300 _a954p
650 _aEconomics
942 _cBK
999 _c9236
_d9236